000 00938cab a2200265 4500
001 WB2832-71
008 090401t1992 xxu||||| |||| 00| 0 eng d
035 _a(Sirsi) u675
041 _aeng
245 _aTenant to rectify breach
260 _c1992
350 _a0
490 _aIndependent
_v21 August 1992, 25(1)
520 _a"Darlington BC v Denmark Chemists Ltd" CA 31 July 1992. The plaintiff`s argument was upheld by the court in a case where the tenant had been in long term breach of covenant, but claimed relief from forfeiture on the grounds that he had insufficient money available to conduct the remedy.
650 _aBREACH OF COVENANT
650 _aCHEMISTS
650 _aDOCTORS SURGERY
650 _aFINANCIAL CIRCUMSTANCES
650 _aLEASES
650 _aPHARMACY
650 _aRELIEF FROM FORFEITURE
690 _aLANDLORD AND TENANT-CASE LAW-BUSINESS TENANCIES
942 _n0
948 _c04/03/1997
999 _c343
_d343